Hướng dẫn thí nghiệm chuyên ngành vật liệu silicat
Đã lưu trong:
| 格式: | 圖書 |
|---|---|
| 語言: | Undetermined |
| 出版: |
Thành phố Hồ Chí Minh
Đại học Quốc gia Thành phố Hồ Chí Minh
2003
|
| 主題: | |
| 標簽: |
添加標簽
沒有標簽, 成為第一個標記此記錄!
|
| Thư viện lưu trữ: | Trung tâm Học liệu Trường Đại học Cần Thơ |
|---|
| LEADER | 00654nam a2200181Ia 4500 | ||
|---|---|---|---|
| 001 | CTU_95547 | ||
| 008 | 210402s9999 xx 000 0 und d | ||
| 020 | |c 14000 | ||
| 082 | |a 549.6 | ||
| 082 | |b H561 | ||
| 245 | 0 | |a Hướng dẫn thí nghiệm chuyên ngành vật liệu silicat | |
| 245 | 0 | |c Trường Đại học Bách Khoa | |
| 260 | |a Thành phố Hồ Chí Minh | ||
| 260 | |b Đại học Quốc gia Thành phố Hồ Chí Minh | ||
| 260 | |c 2003 | ||
| 650 | |a Silicates | ||
| 904 | |i Vương,Hải (sửa số pl 549.6/Tr561 thành 549.6/H561) | ||
| 980 | |a Trung tâm Học liệu Trường Đại học Cần Thơ | ||